• 首页
  • 本馆介绍
  • 公告通知
  • 最新文献
  • 馆藏检索
  • 电子资源
  • 读者导购
  • 参考咨询
  • 我的图书馆
  • 登录
  • 详细信息显示
  • 放入我的书架
  • 预约/预借图书
  • 作者相关作品
  • 分类相关作品
  • 丛书相关作品
  • 出版社相关作品

书目信息

  • 表格格式
  • 工作单格式
  • 卡片格式
题名:
春融堂雜記八種
    
 
作者: 王昶, 撰
分册:  
出版信息: 北京   文物出版社  2022.07
页数: 170页
开本: 24cm
丛书名: 海上絲綢之路基本文獻叢書
单 册:
中图分类: K928.1
科图分类:
主题词:
电子资源:
ISBN: 978-7-5010-7636-9
000 01112nam 2200277 450
001 CAL 012022001752
005 20230217093113.0
010    @a978-7-5010-7636-9@b精装@dCNY90.00
100    @a20220927e2022 em y0chiy0120 ea
101 0  @achi
102    @aCN@b110000
105    @aa z 000yy
106    @ar
200 1  @a春融堂雜記八種@Achun rong tang za ji ba zhong@f(清) 王昶撰
205    @a影印本
210    @a北京@c文物出版社@d2022.07
215    @a170页@c图@d24cm
225 2  @a海上絲綢之路基本文獻叢書@Ahai shang si chou zhi lu ji ben wen xian cong shu
330    @a本编注重史料的珍稀性, 从《海上丝绸之路历史文化丛书》中遴选出菁华, 拟出版百册单行本。本编所选之文献, 其编纂的年代下限至一九四九年。本编排序无严格定式, 所选之文献篇幅以二百余页为宜, 以便读者阅读使用。本编所选文献, 每种前皆注明版本、著者。本册为春融堂杂记八种。
410  0 @12001 @a海上絲綢之路基本文獻叢書
518 1  @a春融堂杂记八种
607 0  @a边疆地区@Abian jiang di qu@y中国@z清代@x史料
690    @aK928.1@v5
701  0 @a王昶,@Awang chang@f清代@4撰
801  0 @aCN@bBJXHZP@c20230228
905    @b1380527-30@dK928.1@e1232@f4
    
    春融堂雜記八種/(清) 王昶撰.-影印本.-北京:文物出版社,2022.07
    170页:图;24cm.-(海上絲綢之路基本文獻叢書)
    
    
    ISBN 978-7-5010-7636-9(精装):CNY90.00
    本编注重史料的珍稀性, 从《海上丝绸之路历史文化丛书》中遴选出菁华, 拟出版百册单行本。本编所选之文献, 其编纂的年代下限至一九四九年。本编排序无严格定式, 所选之文献篇幅以二百余页为宜, 以便读者阅读使用。本编所选文献, 每种前皆注明版本、著者。本册为春融堂杂记八种。
●
相关链接 在E读中查询图书 在五车中查询图书 在当当中查询图书 在豆瓣中查询图书


正题名:春融堂雜記八種     索取号:K928.1/1232         预约/预借

序号 登录号 条形码 馆藏地/架位号 状态 备注
1 1380527   213805275   第二样本阅览室/ [索取号:K928.1/1232] 在馆    
2 1380528   213805284   第二借阅区/ [索取号:K928.1/1232] 在馆    
3 1380529   213805293   第二借阅区/ [索取号:K928.1/1232] 在馆    
4 1380530   213805300   第二借阅区/ [索取号:K928.1/1232] 在馆    
唐山师范学院图书馆 欢迎您!
大连网信软件有限公司© 版权所有